Az V. nemzetközi pszichológiai kongresszus könyvismertetés
Elmentve itt :
| Adatforrás: | Philobibl |
|---|---|
| Forrásdokumentuma: | A Magyar Filozófiai Társaság Közleményei 5.1905:17. füzet p. 45-. |
| Dokumentumtípus: | Cikk |
| Nyelv: | magyar |
| Megjelent: |
1905
|
| LEADER | 00324nab a2200097 c 4500 | ||
|---|---|---|---|
| 001 | bibPHI0034607 | ||
| 005 | 20200924123349.7 | ||
| 008 | 090624s1905 hu hun | ||
| 245 | 0 | 3 | |a Az V. nemzetközi pszichológiai kongresszus |b könyvismertetés |
| 260 | |a 1905 | ||
| 773 | 0 | |t A Magyar Filozófiai Társaság Közleményei |g 5.1905:17. füzet p. 45-. | |